| 000 | 00366nam a22001457a 4500 | ||
|---|---|---|---|
| 003 | OSt | ||
| 005 | 20220210143425.0 | ||
| 008 | 220210b |||||||| |||| 00| 0 eng d | ||
| 040 |
_aDDC _cHU |
||
| 082 |
_22ND _a617.71 _b4 |
||
| 245 | _aMANUAL SMALL INCISION CATARACT SURGERY | ||
| 250 | _a2ND | ||
| 260 |
_aINDIA _bARAVIND EYE HOSPITAL _c2000 |
||
| 942 |
_2ddc _cBOOKS _n0 |
||
| 999 |
_c29869 _d29869 |
||